logo

Bir Sreshtho Munshi Abdur Rouf Library
Jhenaidah Cadet College

Working principles for and Islamic model in mass media communication / (Record no. 12770)

MARC details
000 -LEADER
fixed length control field 00706nam a2200229 a 4500
001 - CONTROL NUMBER
JCCL Control Number 12770
003 - CONTROL NUMBER IDENTIFIER
JCCL marc code BD-JhCC
005 - DATE AND TIME OF LATEST TRANSACTION
control field 20230511085328.0
008 - FIXED-LENGTH DATA ELEMENTS--GENERAL INFORMATION
fixed length control field 230511s1997 nyu |||| |||| 000 0 eng d
020 ## - INTERNATIONAL STANDARD BOOK NUMBER
International Standard Book Number 1565642643
035 ## - SYSTEM CONTROL NUMBER
system control number (BD-JhCC)12770
040 ## - CATALOGING SOURCE
Original cataloging agency BD-JhCC
Modifying agency BD-JhCC
041 ## - LANGUAGE CODE
Language code of Book eng
082 ## - DEWEY DECIMAL CLASSIFICATION NUMBER
Classification number 297.26
Author mark and Year ALB 1997
100 ## - MAIN ENTRY--PERSONAL NAME
Personal name Al-Barzinji, Suhaib Jamal
245 ## - TITLE STATEMENT
Title Working principles for and Islamic model in mass media communication /
Remainder of title Suhaib Jamal Al-Barzinji
260 ## - PUBLICATION, DISTRIBUTION, ETC. (IMPRINT)
Place of publication, distribution, etc United State :
Name of publisher, distributor, etc International Institue of Islamic Thought,
Date of publication, distribution, etc 1997
300 ## - PHYSICAL DESCRIPTION
Pagination viii, 99 p. :
Dimensions 21 cm.
650 ## - SUBJECT ADDED ENTRY--TOPICAL TERM
Topical term or geographic name as entry element Mass Media
Form subdivision Religious aspects
General subdivision Islam
650 ## - SUBJECT ADDED ENTRY--TOPICAL TERM
Topical term or geographic name as entry element Islam in mass media
942 ## - ADDED ENTRY ELEMENTS (KOHA)
Source of classification or shelving scheme Dewey Decimal Classification
Koha item type Books
Holdings
Source of classification or shelving scheme Damaged status Not for loan Home library Current library Shelving location Date of accession Cost, normal purchase price Total Checkouts Full call number Barcode Date last seen Copy number Method of acquisition Koha item type Currency
Dewey Decimal Classification     JCC Rouf Library JCC Rouf Library General Stacks 05/11/2023 300.00   297.26 ALB 1997 16693 05/11/2023 C-1 Purchase Books BDT

JCC Library | Contacts | JCC Home

Last Update on 23 September 2017
Copyright @ 2017-2020 JCC Rouf Library
Rouf Library, Jhenidah Cadet College (JCC), Bangladesh